00717 2200289 4500001002100000005001500021035002000036007000300056040001700059100002200076245003000098250001000128020001800138041000800156090002000164264003300184336002100217337003000238338002300268650001100291850001000302008004100312082001100353084001700364300003000381990001600411INLIS00000000000887320260513022744 a0010-1022000248ta aSBPUPADbind0 aBrooksePengarang1 aSeas And Oceans /cBrooks aCet.1 a979-534-631-9 aind a985 MAC h 25-17 aKlaten; :bPakar Raya,c2009 2rdacontentateks 2rdamediaatanpa perantara 2rdacarrieravolume 4aLautan aPUPAD260513 0  a551.46 a551.46 BRO s a64 Hlm :billus. ;c23 cm a00000023532